00670cam a2200193 a 450000100100000000500170001000800410002704000250006808200250009310000410011824500990015925000110025826000710026930000280034050400320036865000250040065000310042565000200045600000239020240513203638.0820524s1978 ve a b 001 0 spa  aDO-SdBNPbspacBNPHU a306.362bD542e, 19781 aDíaz-González, José Joaquín.10a!Tú eres esclavo! :bla esclavitud en la antigüedad /cJosé Joaquín Díaz-González. a2a ed. aMérida, Venezuela :bUniversidad de los Andes. Rectorado,c1978. a248 p. :bil. ;c23 cm. aBibliografía: p. 245-246. 4aEsclavitudxHistoria 4aEsclavitudzRomaxHistoria 0aHistoria social